00750nas a2200241 4500001001300000003000900013005001700022007000300039008003400042040005400076041000900130072000800139100001800147100002000165245008200185650001200267650001900279650001600298650001800314650001200332773011000344856005400454BR2015006946BR-BrBNA20231205130011.0ta230509b bl.|||p| |||| 00| 00por d aBR-BrBNAbporcBiblioteca Nacional de Agricultura a(En) aL741 aMasvingwe, C.1 aMavenyengwa, M.1 aToxicological evaluation of the plant xanthium strumarium in pigs in zimbabwe aSUÍNO aCIENCIA ANIMAL aINTOXICACAO aPLANTA TOXICA aANALISE0 tJournal of Venomous Animals and Toxins (Brazil)xISSN 1678-4936g(1998), v. 4(2) p. 113-119wBR201500694640uhttp://dx.doi.org/10.1590/S0104-79301998000200003